Phan Bội Châu Toàn tập: 10 tập Tập 5 Văn thơ 1917-1925

Gorde:
Xehetasun bibliografikoak
Beste egile batzuk: Chương Thâu (sưu tầm & b. soạn)
Formatua: Liburua
Hizkuntza:Vietnamese
Argitaratua: Huế Nxb. Thuận Hoá Trung tâm Văn hoá Ngôn ngữ Đông Tây 2001
Gaiak:
Etiketak: Etiketa erantsi
Etiketarik gabe, Izan zaitez lehena erregistro honi etiketa jartzen!
Thư viện lưu trữ: Mạng thư viện Đại học Đà Nẵng
LEADER 01427nam a2200397 4500
001 000006031
003 2185
005 20120410090420.0
008 110829s2001 viesd
020 |c 175000đ 
041 0 |a vie 
082 |a 895.922  |b PH-C 
245 1 0 |a Phan Bội Châu  |b Toàn tập: 10 tập  |c Phan Bội Châu ; Chương Thâu sưu tầm, b. soạn  |n Tập 5  |p Văn thơ 1917-1925 
260 |a Huế  |b Nxb. Thuận Hoá  |b Trung tâm Văn hoá Ngôn ngữ Đông Tây  |c 2001 
300 |a 718 tr  |b ảnh chân dung  |c 24 cm 
500 |a Chính văn bằng tiếng Việt và tiếng Hán 
504 |a T.5=05: Văn thơ 1917-1925 
653 |a Văn học yêu nước 
653 |a Văn học cân đại 
653 |a Toàn tập 
653 |a Việt Nam 
653 |a Văn 
653 |a Thơ 
700 |a Chương Thâu  |e sưu tầm & b. soạn 
773 |t Phan Bội Châu  |w 2180 
910 |a Nguyễn Thị Kim Oanh  |d 29/08/2011 
OWN |a LSP 
AVA |a UDN50  |b LSP  |d 895.922 PH-C  |e available  |t Error 5001 Not defined in file expand_doc_bib_avail.  |f 2  |g 0  |h N  |i 0  |k 1 
999 |a From the UDN01 
AVA |a UDN50  |b LSP  |d 895.922 PH-C  |e available  |t Error 5001 Not defined in file expand_doc_bib_avail.  |f 2  |g 0  |h N  |i 0  |k 1 
TYP |a Monograph 
TYP |a Printed language 
980 |a Mạng thư viện Đại học Đà Nẵng